Minx / (Record no. 234360)

000 -LEADER
fixed length control field 01331cam a22003255a 4500
001 - CONTROL NUMBER
control field 17339803
003 - CONTROL NUMBER IDENTIFIER
control field Nust
005 - DATE AND TIME OF LATEST TRANSACTION
control field 20170319181601.0
008 - FIXED-LENGTH DATA ELEMENTS--GENERAL INFORMATION
fixed length control field 120609s1996 nyu 000 1 eng d
010 ## - LIBRARY OF CONGRESS CONTROL NUMBER
LC control number 96096077
020 ## - INTERNATIONAL STANDARD BOOK NUMBER
International Standard Book Number 9780749939144
035 ## - SYSTEM CONTROL NUMBER
System control number (OCoLC)ocm35263447
040 ## - CATALOGING SOURCE
Original cataloging agency IOS
Transcribing agency IOS
Modifying agency OCLCQ
-- UPZ
-- KYL
-- DLC
042 ## - AUTHENTICATION CODE
Authentication code lccopycat
050 00 - LIBRARY OF CONGRESS CALL NUMBER
Classification number CPB Box no. 230 (Stored at Landover)
082 04 - DEWEY DECIMAL CLASSIFICATION NUMBER
Classification number 813.54
Author Mark QUI
100 1# - MAIN ENTRY--PERSONAL NAME
Personal name Quinn, Julia,
Dates associated with a name 1970-.
245 10 - TITLE STATEMENT
Title Minx /
Statement of responsibility, etc. Julia Quinn.
260 ## - PUBLICATION, DISTRIBUTION, ETC.
Place of publication, distribution, etc. New York :
Name of publisher, distributor, etc. Avon Books,
Date of publication, distribution, etc. 1996.
300 ## - PHYSICAL DESCRIPTION
Extent 391 p. ;
Dimensions 18 cm.
490 1# - SERIES STATEMENT
Series statement Avon historical romance
520 ## - SUMMARY, ETC.
Summary, etc. Rebelling against all societal conventions by wearing breeches and managing her elderly guardian's estate, feisty Henrietta Barrett is left at the mercy of distant cousin William Dunford when her guardian passes away.
650 ## - SUBJECT ADDED ENTRY--TOPICAL TERM
Topical term or geographic name entry element Fiction
655 #7 - INDEX TERM--GENRE/FORM
Genre/form data or focus term Love stories.
Source of term gsafd
710 2# - ADDED ENTRY--CORPORATE NAME
Corporate name or jurisdiction name as entry element Copyright Paperback Collection (Library of Congress)
Institution to which field applies DLC
830 #0 - SERIES ADDED ENTRY--UNIFORM TITLE
Uniform title Avon romance.
856 42 - ELECTRONIC LOCATION AND ACCESS
Materials specified Contributor biographical information
Uniform Resource Identifier <a href="http://www.loc.gov/catdir/enhancements/fy1212/96096077-b.html">http://www.loc.gov/catdir/enhancements/fy1212/96096077-b.html</a>
856 42 - ELECTRONIC LOCATION AND ACCESS
Materials specified Publisher description
Uniform Resource Identifier <a href="http://www.loc.gov/catdir/enhancements/fy1212/96096077-d.html">http://www.loc.gov/catdir/enhancements/fy1212/96096077-d.html</a>
906 ## - LOCAL DATA ELEMENT F, LDF (RLIN)
a 0
b ibc
c copycat
d 2
e epcn
f 20
g y-genrareb
942 ## - ADDED ENTRY ELEMENTS (KOHA)
Source of classification or shelving scheme
Koha item type Book
Holdings
Withdrawn status Lost status Source of classification or shelving scheme Damaged status Not for loan Permanent Location Current Location Shelving location Date acquired Total Checkouts Full call number Barcode Date last seen Date last checked out Copy number Price effective from Koha item type
          Central Library (CL) Central Library (CL) Fiction 03/19/2017 3 813.54 QUI CL1541 05/17/2025 08/30/2022 1 03/19/2017 Book
© 2023 Central Library, National University of Sciences and Technology. All Rights Reserved.